01316cam a22003131a 4500001001700000003000700017005001700024007000700041008004100048035002100089856009000110856010000200010001700300035002000317040004300337042001200380050002200392082001200414100002900426245006300455260005100518300002500569600002900594651004900623942000700672506015000679506015400829999001900983outofnight00valtCaSfIA20210118195452.0cr||||950608s1941 nyu 000 0aeng  9(DLC) 4100506641uhttp://www.archive.org/details/outofnight00valtzFree eBook from the Internet Archive42uhttp://www.openlibrary.org/books/OL6415180MzAdditional information and access via Open Library a 41005066  a(OCoLC)32612883 aDLCcPCarlMHdODaWUdNcRSdDLCdCaSfIA apremarc00aHX276b.K74 1941a a923.3431 aValtin, Jan,d1904-1951.10aOut of the night /h[electronic resource] cby Jan Valtin. aNew York :bAlliance Book Corporation,cc1941. avi, 749 p. :c25 cm.10aValtin, Jan,d1904-1951. 0aGermanyxPolitics and governmenty1933-1945. cEB fНеобхідна авторизація на https://archive.org/ (створення облікового запису безкоштовно) fНеобхідна авторизація на https://openlibrary.org/ (створення облікового запису безкоштовно) c534144d534144